000 00487nam a22001697a 4500
003 BD-ChCU
005 20251127141408.0
008 251127b bg ||||| |||| 00| 0 ben d
040 _cBD-ChCU
082 _a551.7 SPBA
100 _aSpencer , Edgar Winston.
_917091
245 _aBasic concepts of historical geology ./
_cEdgar Winston , Spencer.
260 _aNew Delhi :
_bOxford ,
_cC 1970
300 _axvi ,499p
650 0 _aGeology , Stratigraphic.
_917093
942 _2ddc
_cBK
_n0
999 _c109926
_d109926